|
|
|
|
| LEADER |
01191aam a22003618a 4500 |
| 001 |
000016527 |
| 003 |
12929 |
| 005 |
20121109151137.0 |
| 008 |
121109s2009 viesd |
| 020 |
|
|
|c 21500
|d 1000b
|
| 041 |
0 |
|
|a vie
|
| 082 |
1 |
4 |
|2 14
|a 639.3
|b ĐÔ-H
|
| 100 |
1 |
|
|a Đỗ Đoàn Hiệp
|
| 245 |
1 |
0 |
|a Sản xuất giống vật nuôi thủy sản
|c Đỗ Đoàn Hiệp, Phạm Tân Tiến, Hà Đức Thắng
|
| 260 |
|
|
|a H.
|b Giáo dục
|c 2009
|
| 300 |
|
|
|a 159 tr.
|c 24 cm.
|
| 504 |
|
|
|a thư mục tr.158-159
|
| 650 |
|
7 |
|2 Bộ TK TVQG
|
| 650 |
|
7 |
|2 Bộ TK TVQG
|a Thủy sản
|
| 650 |
|
7 |
|2 Bộ TK TVQG
|a Giống vật nuôi
|
| 650 |
|
7 |
|2 Bộ TK TVQG
|
| 650 |
|
7 |
|2 Bộ TK TVQG
|
| 650 |
|
7 |
|2 Bộ TK TVQG
|
| OWN |
|
|
|a LSP
|
| AVA |
|
|
|a UDN50
|b LSP
|d 639.3 ĐÔ-H
|e available
|t Error 5001 Not defined in file expand_doc_bib_avail.
|f 10
|g 0
|h N
|i 0
|k 1
|
| 999 |
|
|
|a From the UDN01
|
| AVA |
|
|
|a UDN50
|b LSP
|d 639.3 ĐÔ-H
|e available
|t Error 5001 Not defined in file expand_doc_bib_avail.
|f 10
|g 0
|h N
|i 0
|k 1
|
| TYP |
|
|
|a Monograph
|
| TYP |
|
|
|a Printed language
|
| 980 |
|
|
|a Mạng thư viện Đại học Đà Nẵng
|